Deutsche Lieder nach Buchstabe - H - Statistiken

Allgemein
  • Dieses Quiz wurde 287 mal gespielt
  • Das Durchschnittsergebnis liegt bei 7 aus 18
Antwortstatistiken
Titel Interpret % Korrekt
Haus am See Peter Fox
91%
Hier kommt Alex Die Toten Hosen
72%
Hamma! Culcha Candela
70%
Halt dich an mir fest Revolverheld feat. Marta Jandová
58%
Hello Again Howard Carpendale
55%
Hurra die Welt geht unter K.I.Z feat. Henning May
49%
Holz 257ers
48%
Herz über Kopf Joris
47%
Herzilein Wildecker Herzbuben
44%
Hier kommt Kurt Frank Zander
41%
Heul doch LaFee
29%
Hurra, hurra, die Schule brennt Extrabreit
26%
Hey Boss – Ich brauch mehr Geld Gunter Gabriel
26%
Ham kummst Seiler und Speer
19%
Hengstin Jennifer Rostock
16%
Heute hier, morgen dort Hannes Wader
11%
Hupf in Gatsch Georg Danzer
6%
Heut Nacht Spliff
3%
Keine übereinstimmenden Quizze gefunden
Verteilung der Resultate
Anzahl Personen mit jedem Resultat
Perzentil nach korrekt beantworteten Fragen
Ihre Resultats-Entwicklung
Sie haben dieses Quiz noch nicht gespielt